| 000 | 01033nam a2200265 a 4500 | ||
|---|---|---|---|
| 001 | 000037892 | ||
| 003 | DO-SdBNP | ||
| 005 | 20240508073817.0 | ||
| 008 | 130308s2012 dr ad 001 0 spa d | ||
| 020 | _a9789945074666 | ||
| 040 |
_aDO-SdBNP _bspa _cBNPHU |
||
| 082 |
_a321.9 _bP128p |
||
| 100 | 1 |
_aPagán Perdomo, Dato, _d1921- _964331 |
|
| 245 | 1 | 0 |
_a¿Por qué lucha el pueblo dominicano? : _bimperialismo y dictadura en América Latina / _cDato Pagán Perdomo. |
| 260 |
_aSanto Domingo : _bArchivo General de la Nación, _c2012. |
||
| 300 |
_a31 p. : _bil., gráfcs. ; _c24 cm. |
||
| 490 | 1 |
_aArchivo General de la Nación ; _v177 |
|
| 500 | _aIncluye datos biográficos del autor en la solapa de la cubierta. | ||
| 590 | _aInventariado, 2018/BT | ||
| 650 | 4 |
_aImperialismo _yAMÉRICA LATINA _964332 |
|
| 650 | 4 |
_aDemocracia _xEnsayos, conferencias, etc. _964333 |
|
| 651 | 4 |
_aRepública Dominicana _xPolítica Y Gobierno _yERA DE TRUJILLO, 1930-1961 _91374 |
|
| 910 | _aValidado. Control de calidad. EMS | ||
| 942 |
_2ddc _cLBS1 |
||
| 999 |
_c37382 _d37382 |
||